000 00822nam a2200217 i 4500
001 109355
003 ES-MaACL
005 20250624194819.0
007 t|
008 061121s1912 sp r ||||1| spa d
080 _a929 Ponce de León, Pedro
100 1 _aOlmedilla y Puig, Joaquín,
_d1842-1914
_986949
245 1 0 _aPedro Ponce de León
_b: ( el primero que enseñó a hablar a los sordo-mudos) /
_cJoaquín Olmedilla y Puig.
260 _aMadrid :
_b[s.n.],
_c1912.
300 _a20 p. ;
_c22 cm.
530 _aDisponible también en sitio web.
600 1 7 _aPonce de León, Pedro,
_d1520-1584
_2
_9150820
852 _aES-MaACL
_jT-1338-F-10
856 _uhttp://bibliotecadigitalhispanica.bne.es:80/webclient/DeliveryManager?pid=3310806&custom_att_2=simple_viewer
_zIr a la página
999 _c109355
_d109355